| 000 | 00483nam a2200169Ia 4500 | ||
|---|---|---|---|
| 003 | IN-BaIIA | ||
| 008 | 211028s9999 xx 000 0 eng d | ||
| 040 | _cIIA Library | ||
| 080 |
_a530.1 _bBOR |
||
| 100 |
_aBorn, Max _91579 |
||
| 245 | 0 |
_aExperiment and theory in physics _cMax Born |
|
| 260 |
_aCambridge _bCambridge University Press _c1944 |
||
| 300 | _a43p. | ||
| 650 | _aNASA Thesaurus | ||
| 650 |
_aPhysics _973 |
||
| 942 | _cBK | ||
| 999 |
_c1129 _d1129 |
||